000 00642nam a2200241Ia 4500
003 OSt
005 20221005021858.0
006 a|||||r|||| 00| 0
007 ta
008 221004b |||||||| |||| 00| 0 eng d
024 _a59792
037 _cTextual
040 _aCRL
_cCRL
_beng
041 _2eng
_aeng
082 _aV2:25xM891w, fM8
100 _aAnand Mulk Raj
245 0 _aHomage to Jamna Lal Bajaj
_b A pictorial biography
260 _aAhmedabad
_bAllied
_c1988
300 _a114p.
_ccm.
650 _aHISTORY
942 _hV2:25xM891w, fM8
_cTEXL
_2cc
999 _c928299
_d928299